000 00649nam a2200181 i 4500
001 143631
003 ES-MaACL
005 20240207200719.0
007 t|
008 070214q1918 sp r ||||1| spa d
100 1 _aSerís, Homero,
_d1879-1969
_9105555
245 1 0 _aSobre una nueva variedad de la edición príncipe del `Quijote` /
_cHomero Serís.
260 _a[s.l.] :
_b[s.n.],
_c[1918?]
500 _aReprinted from The Romanic Review, vol IX, nº 2, april-june 1918.
600 1 4 _aCervantes Saavedra, Miguel de,
_d1547-1616.
_tDon Quijote de la Mancha-
_vBibliografías
_937615
852 _aES-MaACL
_j1575-F-14
999 _c143631
_d143631